Chicago Bulls Championship Teams - Statistics

General Stats
  • This quiz has been taken 143 times
    90 since last reset
  • The average score is 46 of 79
Answer Stats
Season No. Pos. Player % Correct
1991 23 SG Michael Jordan
100%
1992 23 SG Michael Jordan
100%
1993 23 SG Michael Jordan
100%
1996 23 SG Michael Jordan
100%
1997 23 SG Michael Jordan
100%
1998 23 SG Michael Jordan
100%
1991 33 SF Scottie Pippen
100%
1992 33 SF Scottie Pippen
100%
1993 33 SF Scottie Pippen
100%
1996 33 SF Scottie Pippen
100%
1997 33 SF Scottie Pippen
100%
1998 33 SF Scottie Pippen
100%
1996 91 PF Dennis Rodman
99%
1997 91 PF Dennis Rodman
99%
1998 91 PF Dennis Rodman
99%
1996 25 PG Steve Kerr
92%
1997 25 PG Steve Kerr
92%
1998 25 PG Steve Kerr
92%
1996 7 SF Toni Kukoč
87%
1997 7 SF Toni Kukoč
87%
1998 7 SF Toni Kukoč
87%
1991 54 PF Horace Grant
86%
1992 54 PF Horace Grant
86%
1993 54 PF Horace Grant
86%
1996 9 PG Ron Harper
79%
1997 9 PG Ron Harper
79%
1998 9 PG Ron Harper
79%
1996 13 C Luc Longley
75%
1997 13 C Luc Longley
75%
1998 13 C Luc Longley
75%
1991 24 C Bill Cartwright
74%
1992 24 C Bill Cartwright
74%
1993 24 C Bill Cartwright
74%
1991 5 PG John Paxson
72%
1992 5 PG John Paxson
72%
1993 5 PG John Paxson
72%
1991 10 PG BJ Armstrong
68%
1992 10 PG BJ Armstrong
68%
1993 10 PG BJ Armstrong
68%
1996 34 C Bill Wennington
51%
1997 34 C Bill Wennington
51%
1998 34 C Bill Wennington
51%
1997 18 C Brian Williams
42%
1991 42 C Scott Williams
42%
1992 42 C Scott Williams
42%
1993 42 C Scott Williams
42%
1996 0 SG Randy Brown
39%
1997 0 SG Randy Brown
39%
1998 0 SG Randy Brown
39%
1997 0 C Robert Parish
38%
1996 22 C John Salley
37%
1996 30 SG Jud Buechler
34%
1997 30 SG Jud Buechler
34%
1998 30 SG Jud Buechler
34%
1991 32 C Will Perdue
33%
1992 32 C Will Perdue
33%
1993 32 C Will Perdue
33%
1991 14 SG Craig Hodges
32%
1992 14 SG Craig Hodges
32%
1993 14 SG Craig Hodges
32%
1996 8 PF Dickey Simpkins
29%
1997 8 PF Dickey Simpkins
29%
1998 8 PF Dickey Simpkins
29%
1996 53 C James Edwards
29%
1998 24 SF Scott Burrell
24%
1991 34 PF Stacey King
22%
1992 34 PF Stacey King
22%
1993 34 PF Stacey King
22%
1996 35 PF Jason Caffey
21%
1997 35 PF Jason Caffey
21%
1998 35 PF Jason Caffey
21%
1991 53 PF Cliff Levingston
14%
1992 53 PF Cliff Levingston
14%
1992 20 SG Bob Hansen
13%
1991 2 SF Dennis Hopson
12%
1992 2 SF Dennis Hopson
12%
1993 20 PG Darrell Walker
8%
1993 6 SG Trent Tucker
8%
1993 22 SF Rodney McCray
7%
No matching quizzes found
Score Distribution
Percent of People with Each Score
Percentile by Number Answered
Your Score History
You have not taken this quiz since the last reset